000 00426nam a2200181Ia 4500
008 210210b1955 xxu||||| |||| 00| 0 eng d
041 _aeng
082 _a956/2
100 _aATWOOD (Wallace W)
245 _aNations overseas
260 _aBoston
_bGinn and Company.,
_c1955
300 _a391
650 _aoverseas
650 _aNations
690 _aWorld History
700 _aTHOMAS (Helen Goss)
906 _a002235
999 _c121187
_d121187